[Event "M?R 2020 v bleskovém ?achu druzstev"]
[Site "Turnov"]
[Date "2020.09.12"]
[Round "1.1"]
[White "Slepov JUN, Kyryl"]
[Black "Kraus TUR_A, Tomas"]
[Result "0-1"]
[BlackElo "2417"]
[WhiteElo "2124"]
[LiveChessVersion "1.4.8"]

1. e4 d6 2. d4 {[%clk 0:03:03]} Nf6 {[%clk 0:03:06]} 3. Nc3 {[%clk 0:03:04]} e5
{[%clk 0:03:07]} 4. Nf3 {[%clk 0:03:04]} Nbd7 {[%clk 0:03:08]} 5. g4
{[%clk 0:03:04]} Nxg4 {[%clk 0:03:09]} 6. Rg1 {[%clk 0:03:05]} Ngf6
{[%clk 0:03:10]} 7. Be3 {[%clk 0:03:04]} c6 {[%clk 0:03:10]} 8. a4
{[%clk 0:03:01]} Qc7 {[%clk 0:02:47]} 9. Qd2 {[%clk 0:02:51]} b6 {[%clk 0:02:33]}
10. Bc4 {[%clk 0:02:38]} h6 {[%clk 0:02:33]} 11. O-O-O {[%clk 0:02:23]} a6
{[%clk 0:02:24]} 12. Nh4 {[%clk 0:01:13]} b5 {[%clk 0:02:22]} 13. Bd3
{[%clk 0:01:12]} b4 {[%clk 0:01:21]} 14. Ne2 {[%clk 0:01:09]} c5 {[%clk 0:00:56]}
15. dxc5 {[%clk 0:00:40]} Nxc5 {[%clk 0:00:44]} 16. Bxc5 {[%clk 0:00:19]} Qxc5
{[%clk 0:00:34]} 17. f4 {[%clk 0:00:09]} g6 {[%clk 0:00:35]} 18. Nf3
{[%clk 0:00:08]} Bb7 {[%clk 0:00:21]} 19. fxe5 {[%clk 0:00:07]} dxe5
{[%clk 0:00:22]} 20. Kb1 {[%clk 0:00:07]} Bg7 {[%clk 0:00:20]} 21. Ng3
{[%clk 0:00:07]} O-O {[%clk 0:00:20]} 22. Nf5 {[%clk 0:00:07]} Kh7
{[%clk 0:00:14]} 23. Nxg7 {[%clk 0:00:08]} Kxg7 {[%clk 0:00:14]} 24. Rdf1
{[%clk 0:00:09]} Nxe4 {[%clk 0:00:11]} 25. Qg2 {[%clk 0:00:08]} Rad8
{[%clk 0:00:06]} 26. Qg4 {[%clk 0:00:04]} Nf6 {[%clk 0:00:06]} 27. Qg3
{[%clk 0:00:04]} e4 {[%clk 0:00:07]} 28. Qf2 {[%clk 0:00:03]} Qxf2
{[%clk 0:00:07]} 0-1

[Event "M?R 2020 v bleskovém ?achu druzstev"]
[Site "Turnov"]
[Date "2020.09.12"]
[Round "1.2"]
[White "Simacek TUR_A, Pavel"]
[Black "Sipek JUN, Michal"]
[Result "1-0"]
[BlackElo "2077"]
[WhiteElo "2407"]
[LiveChessVersion "1.4.8"]

1. e4 {[%clk 0:03:02]} d6 {[%clk 0:03:02]} 2. d4 {[%clk 0:03:02]} Nf6
{[%clk 0:03:02]} 3. Nc3 {[%clk 0:03:03]} g6 {[%clk 0:03:04]} 4. Bg5
{[%clk 0:03:04]} Bg7 {[%clk 0:03:00]} 5. e5 {[%clk 0:03:05]} Nfd7
{[%clk 0:02:07]} 6. f4 {[%clk 0:03:04]} O-O {[%clk 0:01:59]} 7. Bc4
{[%clk 0:02:59]} Nb6 {[%clk 0:01:54]} 8. Bb3 {[%clk 0:02:59]} d5 {[%clk 0:01:54]}
9. Nf3 {[%clk 0:02:56]} Bf5 {[%clk 0:01:42]} 10. O-O {[%clk 0:02:51]} c6
{[%clk 0:01:33]} 11. a4 {[%clk 0:02:45]} Qc7 {[%clk 0:01:28]} 12. Nd2
{[%clk 0:02:41]} Na6 {[%clk 0:00:47]} 13. g4 {[%clk 0:02:30]} Be4
{[%clk 0:00:20]} 14. Ndxe4 {[%clk 0:02:25]} dxe4 {[%clk 0:00:21]} 15. Nxe4
{[%clk 0:02:24]} Rad8 {[%clk 0:00:10]} 16. c3 {[%clk 0:02:06]} Nd5
{[%clk 0:00:06]} 17. Qf3 {[%clk 0:02:04]} 1-0

[Event "M?R 2020 v bleskovém ?achu druzstev"]
[Site "Turnov"]
[Date "2020.09.12"]
[Round "1.3"]
[White "Sipek JUN, Oldrich"]
[Black "Vykouk TUR_A, Jan"]
[Result "0-1"]
[BlackElo "2374"]
[WhiteElo "1981"]
[LiveChessVersion "1.4.8"]

1. e4 {[%clk 0:03:02]} c5 {[%clk 0:03:03]} 2. d4 {[%clk 0:03:02]} cxd4
{[%clk 0:03:03]} 3. c3 {[%clk 0:03:03]} d3 {[%clk 0:03:04]} 4. Bxd3
{[%clk 0:03:03]} d6 {[%clk 0:03:03]} 5. Nf3 {[%clk 0:03:01]} Nc6 {[%clk 0:03:02]}
6. O-O {[%clk 0:02:59]} Nf6 {[%clk 0:03:02]} 7. Qe2 {[%clk 0:02:57]} e6
{[%clk 0:02:59]} 8. Rd1 {[%clk 0:02:53]} Qc7 {[%clk 0:02:59]} 9. Na3
{[%clk 0:02:49]} a6 {[%clk 0:03:00]} 10. Nc2 {[%clk 0:02:49]} Be7
{[%clk 0:03:00]} 11. Ncd4 {[%clk 0:02:40]} O-O {[%clk 0:02:58]} 12. h3
{[%clk 0:02:38]} b5 {[%clk 0:02:42]} 13. Bd2 {[%clk 0:02:28]} Bb7
{[%clk 0:02:43]} 14. Rac1 {[%clk 0:02:25]} Rab8 {[%clk 0:02:30]} 15. c4
{[%clk 0:01:55]} b4 {[%clk 0:02:31]} 16. b3 {[%clk 0:01:51]} Rfe8
{[%clk 0:02:10]} 17. Qe1 {[%clk 0:01:52]} Nxd4 {[%clk 0:01:17]} 18. Nxd4
{[%clk 0:01:50]} a5 {[%clk 0:01:18]} 19. Nb5 {[%clk 0:01:51]} Qc6
{[%clk 0:01:16]} 20. f3 {[%clk 0:01:49]} Bd8 {[%clk 0:01:01]} 21. Bf4
{[%clk 0:01:45]} Bb6+ {[%clk 0:01:01]} 22. Kh1 {[%clk 0:01:45]} e5
{[%clk 0:01:01]} 23. Bg5 {[%clk 0:01:42]} Nd7 {[%clk 0:00:56]} 24. Bb1
{[%clk 0:01:43]} Bc5 {[%clk 0:00:56]} 25. Rd2 {[%clk 0:01:33]} Ba6
{[%clk 0:00:53]} 26. Bd3 {[%clk 0:01:27]} Nf8 {[%clk 0:00:48]} 27. Qg3
{[%clk 0:01:26]} Ne6 {[%clk 0:00:43]} 28. Bf6 {[%clk 0:01:24]} Kh8
{[%clk 0:00:41]} 29. Bb1 {[%clk 0:01:22]} gxf6 {[%clk 0:00:33]} 30. Qh4
{[%clk 0:01:16]} Ng5 {[%clk 0:00:30]} 31. f4 {[%clk 0:01:15]} exf4
{[%clk 0:00:26]} 32. Qxf4 {[%clk 0:01:12]} Kg7 {[%clk 0:00:18]} 33. Nxd6
{[%clk 0:01:10]} Re6 {[%clk 0:00:06]} 34. Nf5+ {[%clk 0:01:11]} Kh8
{[%clk 0:00:06]} 35. Rcd1 {[%clk 0:01:12]} Rbe8 {[%clk 0:00:07]} 36. h4
{[%clk 0:01:11]} Nxe4 {[%clk 0:00:06]} 37. Bxe4 {[%clk 0:01:07]} Qxe4
{[%clk 0:00:07]} 38. Qf1 {[%clk 0:01:04]} Bb7 {[%clk 0:00:06]} 39. Rd7
{[%clk 0:00:52]} Bc6 {[%clk 0:00:05]} 40. Rxf7 {[%clk 0:00:52]} Qg4
{[%clk 0:00:05]} 41. Rd2 {[%clk 0:00:51]} Re1 {[%clk 0:00:04]} 0-1

[Event "M?R 2020 v bleskovém ?achu druzstev"]
[Site "Turnov"]
[Date "2020.09.12"]
[Round "1.4"]
[White "Studnicka TUR_A, Tomas"]
[Black "Tioka JUN, Zdenek"]
[Result "1/2-1/2"]
[BlackElo "1879"]
[WhiteElo "2155"]
[LiveChessVersion "1.4.8"]

1. d4 {[%clk 0:03:03]} d6 {[%clk 0:03:02]} 2. c4 {[%clk 0:03:03]} e5
{[%clk 0:03:03]} 3. d5 {[%clk 0:02:52]} f5 {[%clk 0:03:03]} 4. g3 Nf6 5. Bg2 Nbd7
{[%clk 0:02:59]} 6. Nf3 {[%clk 0:02:46]} Nc5 {[%clk 0:02:59]} 7. Nc3
{[%clk 0:02:46]} Be7 {[%clk 0:02:58]} 8. O-O {[%clk 0:02:46]} O-O
{[%clk 0:02:57]} 9. b4 {[%clk 0:02:47]} Na6 {[%clk 0:02:58]} 10. a3
{[%clk 0:02:47]} c5 {[%clk 0:02:34]} 11. b5 {[%clk 0:02:43]} Nc7 {[%clk 0:02:20]}
12. Bb2 {[%clk 0:02:34]} h6 {[%clk 0:02:16]} 13. a4 {[%clk 0:02:09]} a5
{[%clk 0:02:10]} 14. Nh4 {[%clk 0:02:05]} Qe8 {[%clk 0:01:57]} 15. e3
{[%clk 0:01:16]} e4 {[%clk 0:01:45]} 16. Bh3 {[%clk 0:00:59]} Nh7
{[%clk 0:01:30]} 17. f4 {[%clk 0:00:54]} Qf7 {[%clk 0:01:14]} 18. Kh1
{[%clk 0:00:46]} g6 {[%clk 0:01:05]} 19. Ng2 {[%clk 0:00:37]} Bf6
{[%clk 0:01:06]} 20. Qd2 {[%clk 0:00:35]} Ne8 {[%clk 0:00:59]} 21. b6
{[%clk 0:00:34]} Bg7 {[%clk 0:00:57]} 22. Nb5 {[%clk 0:00:35]} Bd7
{[%clk 0:00:55]} 23. Bxg7 {[%clk 0:00:33]} Qxg7 {[%clk 0:00:56]} 24. Rab1
{[%clk 0:00:34]} g5 25. Ne1 {[%clk 0:00:35]} Qf6 {[%clk 0:00:41]} 26. Nc7
{[%clk 0:00:35]} Rc8 {[%clk 0:00:41]} 27. Qxa5 {[%clk 0:00:34]} Ng7
{[%clk 0:00:33]} 28. Qd2 {[%clk 0:00:29]} Bxa4 {[%clk 0:00:29]} 29. Ra1
{[%clk 0:00:29]} Bb3 {[%clk 0:00:29]} 30. Qc1 {[%clk 0:00:25]} Bxc4
{[%clk 0:00:29]} 31. Ra7 {[%clk 0:00:24]} Bxf1 {[%clk 0:00:29]} 32. Bxf1
{[%clk 0:00:26]} Rb8 {[%clk 0:00:29]} 33. Nc2 {[%clk 0:00:25]} Ne8
{[%clk 0:00:29]} 34. Na3 {[%clk 0:00:26]} Rf7 {[%clk 0:00:29]} 35. Nab5
{[%clk 0:00:27]} Nf8 {[%clk 0:00:29]} 36. Nxe8 {[%clk 0:00:27]} Rxe8
{[%clk 0:00:27]} 37. Nc7 {[%clk 0:00:28]} Rb8 {[%clk 0:00:26]} 38. Bb5
{[%clk 0:00:29]} Kg7 {[%clk 0:00:24]} 39. Ba4 {[%clk 0:00:26]} Nd7
{[%clk 0:00:24]} 40. Bxd7 {[%clk 0:00:27]} Rxd7 {[%clk 0:00:24]} 41. Ne6+ Kg6
{[%clk 0:00:24]} 42. Ra3 {[%clk 0:00:27]} Re7 {[%clk 0:00:24]} 43. Nc7
{[%clk 0:00:27]} Rc8 {[%clk 0:00:24]} 44. Ra7 {[%clk 0:00:28]} Rcxc7
{[%clk 0:00:25]} 45. bxc7 {[%clk 0:00:28]} Rxc7 {[%clk 0:00:26]} 46. h3
{[%clk 0:00:28]} Qe7 {[%clk 0:00:27]} 47. Kg2 {[%clk 0:00:29]} b5
{[%clk 0:00:28]} 48. Ra6 {[%clk 0:00:29]} b4 {[%clk 0:00:29]} 49. Qc4
{[%clk 0:00:30]} Qd7 {[%clk 0:00:29]} 50. Qb3 {[%clk 0:00:30]} Ra7
{[%clk 0:00:30]} 51. Rb6 {[%clk 0:00:31]} Qc7 {[%clk 0:00:30]} 52. Rc6
{[%clk 0:00:32]} Qd7 1/2-1/2

[Event "M?R 2020 v bleskovém ?achu druzstev"]
[Site "Turnov"]
[Date "2020.09.12"]
[Round "1.5"]
[White "Petr LIN, Martin"]
[Black "Jirovsky PAN_A, Milos"]
[Result "1-0"]
[BlackElo "2503"]
[WhiteElo "2415"]
[LiveChessVersion "1.4.8"]

1. e4 {[%clk 0:03:02]} c5 {[%clk 0:03:01]} 2. Be2 {[%clk 0:03:02]} g6
{[%clk 0:03:01]} 3. f4 {[%clk 0:03:02]} Bg7 {[%clk 0:03:02]} 4. Nf3
{[%clk 0:03:03]} Nc6 {[%clk 0:03:03]} 5. d3 {[%clk 0:03:05]} e6 {[%clk 0:03:03]}
6. O-O {[%clk 0:03:05]} Nge7 {[%clk 0:03:05]} 7. c3 {[%clk 0:03:05]} b5
{[%clk 0:02:46]} 8. Be3 {[%clk 0:03:04]} d6 {[%clk 0:02:47]} 9. Nbd2
{[%clk 0:02:49]} O-O {[%clk 0:02:39]} 10. Kh1 {[%clk 0:02:41]} Bb7
{[%clk 0:02:38]} 11. Qe1 {[%clk 0:02:38]} Rc8 {[%clk 0:02:33]} 12. a3
{[%clk 0:02:32]} h6 {[%clk 0:02:13]} 13. Qh4 {[%clk 0:02:22]} f5 {[%clk 0:02:13]}
14. g4 {[%clk 0:02:12]} a5 {[%clk 0:01:55]} 15. gxf5 {[%clk 0:02:02]} exf5
{[%clk 0:01:55]} 16. Rg1 {[%clk 0:02:03]} b4 {[%clk 0:01:54]} 17. axb4
{[%clk 0:02:01]} axb4 {[%clk 0:01:55]} 18. Bd1 {[%clk 0:01:47]} bxc3
{[%clk 0:01:30]} 19. Bb3+ {[%clk 0:01:47]} Kh8 {[%clk 0:01:21]} 20. bxc3
{[%clk 0:01:46]} Ra8 {[%clk 0:01:01]} 21. Rxa8 {[%clk 0:01:37]} Bxa8
{[%clk 0:01:01]} 22. Ng5 {[%clk 0:01:38]} Ng8 {[%clk 0:00:35]} 23. Qh3
{[%clk 0:01:27]} Qf6 {[%clk 0:00:32]} 24. Ne6 {[%clk 0:01:15]} Rb8
{[%clk 0:00:33]} 25. Nxg7 {[%clk 0:00:57]} Qxg7 {[%clk 0:00:31]} 26. Bd5
{[%clk 0:00:56]} Nce7 {[%clk 0:00:26]} 27. Bxa8 Rxa8 28. Nc4 {[%clk 0:00:49]}
Qxc3 {[%clk 0:00:24]} 29. Nxd6 {[%clk 0:00:48]} Ra1 {[%clk 0:00:22]} 30. exf5
{[%clk 0:00:38]} Rxg1+ {[%clk 0:00:23]} 31. Bxg1 {[%clk 0:00:39]} Qd4
{[%clk 0:00:19]} 32. Bxd4+ {[%clk 0:00:39]} 1-0

[Event "M?R 2020 v bleskovém ?achu druzstev"]
[Site "Turnov"]
[Date "2020.09.12"]
[Round "1.6"]
[White "Sokolov PAN_A, Alexander"]
[Black "Turner LIN, Radek"]
[Result "1-0"]
[BlackElo "2077"]
[WhiteElo "2409"]
[LiveChessVersion "1.4.8"]

1. e4 {[%clk 0:03:02]} e6 {[%clk 0:03:03]} 2. d4 {[%clk 0:03:03]} d5
{[%clk 0:03:04]} 3. Nd2 {[%clk 0:03:03]} Be7 {[%clk 0:03:04]} 4. Ngf3
{[%clk 0:03:04]} c5 {[%clk 0:03:00]} 5. exd5 {[%clk 0:03:01]} exd5
{[%clk 0:02:53]} 6. Bb5+ {[%clk 0:03:01]} Bd7 {[%clk 0:02:54]} 7. Bxd7+
{[%clk 0:03:01]} Nxd7 {[%clk 0:02:51]} 8. O-O {[%clk 0:02:59]} c4
{[%clk 0:02:50]} 9. Re1 {[%clk 0:02:51]} Ngf6 {[%clk 0:02:33]} 10. Qe2
{[%clk 0:02:52]} Kf8 {[%clk 0:02:33]} 11. b3 {[%clk 0:02:47]} cxb3
{[%clk 0:02:29]} 12. axb3 {[%clk 0:02:47]} Bd6 {[%clk 0:02:27]} 13. c4
{[%clk 0:02:28]} Bb4 {[%clk 0:01:55]} 14. Ra4 {[%clk 0:01:53]} a5
{[%clk 0:01:51]} 15. Ba3 {[%clk 0:01:41]} Bxa3 {[%clk 0:01:51]} 16. Rxa3
{[%clk 0:01:42]} g6 {[%clk 0:01:41]} 17. Nf1 {[%clk 0:01:32]} Kg7
{[%clk 0:01:41]} 18. Ne3 {[%clk 0:01:33]} Re8 {[%clk 0:01:39]} 19. Qb2
{[%clk 0:01:13]} Re4 {[%clk 0:01:35]} 20. Rea1 {[%clk 0:00:59]} b6
{[%clk 0:01:35]} 21. b4 {[%clk 0:00:51]} Rb8 {[%clk 0:01:37]} 22. bxa5
{[%clk 0:00:33]} bxa5 {[%clk 0:01:37]} 23. Qc3 {[%clk 0:00:29]} dxc4
{[%clk 0:01:28]} 24. Nd2 {[%clk 0:00:18]} Re6 {[%clk 0:01:08]} 25. d5
{[%clk 0:00:19]} Re8 {[%clk 0:01:07]} 26. Ndxc4 {[%clk 0:00:20]} Kg8
{[%clk 0:01:07]} 27. Rxa5 {[%clk 0:00:20]} Nb6 {[%clk 0:01:01]} 28. h3
{[%clk 0:00:21]} Nxc4 {[%clk 0:01:00]} 29. Qxc4 {[%clk 0:00:22]} Rb1+
{[%clk 0:00:57]} 30. Rxb1 {[%clk 0:00:22]} Qxa5 {[%clk 0:00:58]} 31. d6
{[%clk 0:00:23]} Qe5 {[%clk 0:00:52]} 32. Rd1 {[%clk 0:00:24]} Rd8
{[%clk 0:00:52]} 33. Qc7 {[%clk 0:00:25]} Qe8 {[%clk 0:00:53]} 34. Nc4
{[%clk 0:00:26]} Qd7 {[%clk 0:00:52]} 35. Qxd7 {[%clk 0:00:26]} Rxd7
{[%clk 0:00:53]} 36. Ne5 {[%clk 0:00:28]} Rd8 {[%clk 0:00:53]} 37. g4
{[%clk 0:00:29]} Nd7 {[%clk 0:00:55]} 38. Nc6 Rc8 {[%clk 0:00:55]} 39. Ne7+
{[%clk 0:00:31]} 1-0

[Event "M?R 2020 v bleskovém ?achu druzstev"]
[Site "Turnov"]
[Date "2020.09.12"]
[Round "1.7"]
[White "Blecha LIN, Miroslav"]
[Black "Dolezal PAN_A, Radoslav"]
[Result "0-1"]
[BlackElo "2404"]
[WhiteElo "2152"]
[LiveChessVersion "1.4.8"]

1. e4 {[%clk 0:03:02]} e5 {[%clk 0:03:02]} 2. Nf3 {[%clk 0:03:02]} Nc6
{[%clk 0:03:02]} 3. Bb5 {[%clk 0:03:02]} a6 {[%clk 0:03:03]} 4. Ba4
{[%clk 0:02:59]} Nf6 {[%clk 0:03:04]} 5. d3 {[%clk 0:02:59]} d6 {[%clk 0:03:04]}
6. O-O {[%clk 0:02:57]} g6 {[%clk 0:03:04]} 7. c3 {[%clk 0:02:51]} Bg7
{[%clk 0:03:05]} 8. h3 {[%clk 0:02:50]} O-O {[%clk 0:03:04]} 9. Be3
{[%clk 0:02:51]} Bd7 {[%clk 0:02:52]} 10. Bb3 {[%clk 0:01:58]} Qe7
{[%clk 0:02:10]} 11. Re1 {[%clk 0:01:47]} Kh8 {[%clk 0:02:10]} 12. Qd2
{[%clk 0:01:42]} Nh5 {[%clk 0:02:09]} 13. Bh6 {[%clk 0:01:33]} f5
{[%clk 0:01:35]} 14. exf5 {[%clk 0:01:27]} gxf5 {[%clk 0:01:35]} 15. Bxg7+
{[%clk 0:01:05]} Qxg7 {[%clk 0:01:36]} 16. Qg5 {[%clk 0:01:06]} Nf4
{[%clk 0:01:23]} 17. Qxg7+ {[%clk 0:00:52]} Kxg7 {[%clk 0:01:24]} 18. d4
{[%clk 0:00:53]} e4 {[%clk 0:01:08]} 19. Nfd2 {[%clk 0:00:34]} Na5
{[%clk 0:00:59]} 20. Bc2 {[%clk 0:00:32]} d5 {[%clk 0:00:51]} 21. Nf1
{[%clk 0:00:33]} Kf6 {[%clk 0:00:51]} 22. Ne3 {[%clk 0:00:29]} Be6
{[%clk 0:00:51]} 23. b3 {[%clk 0:00:29]} Rg8 {[%clk 0:00:51]} 24. Kh1
{[%clk 0:00:28]} Rg5 {[%clk 0:00:43]} 25. Nd2 {[%clk 0:00:25]} Rag8
{[%clk 0:00:43]} 26. Rg1 {[%clk 0:00:23]} Ne2 {[%clk 0:00:40]} 27. Rge1
{[%clk 0:00:22]} Nxc3 {[%clk 0:00:41]} 28. Ndf1 {[%clk 0:00:19]} Nb5
{[%clk 0:00:38]} 29. a4 {[%clk 0:00:18]} Nxd4 {[%clk 0:00:39]} 30. Rad1
{[%clk 0:00:17]} Nxc2 {[%clk 0:00:37]} 31. Nxc2 {[%clk 0:00:17]} Nxb3
{[%clk 0:00:37]} 32. Ng3 {[%clk 0:00:10]} c6 {[%clk 0:00:29]} 33. Nd4
{[%clk 0:00:09]} Nxd4 {[%clk 0:00:30]} 34. Rxd4 {[%clk 0:00:10]} Ke5
{[%clk 0:00:28]} 35. Rd2 {[%clk 0:00:10]} f4 {[%clk 0:00:26]} 36. Nf1
{[%clk 0:00:11]} Rxg2 {[%clk 0:00:26]} 37. Nh2 {[%clk 0:00:11]} Bxh3
{[%clk 0:00:25]} 38. Rb2 {[%clk 0:00:09]} Bc8 {[%clk 0:00:26]} 39. f3
{[%clk 0:00:07]} Rxb2 {[%clk 0:00:26]} 0-1

[Event "M?R 2020 v bleskovém ?achu druzstev"]
[Site "Turnov"]
[Date "2020.09.12"]
[Round "1.8"]
[White "Postupa PAN_A, Pavel"]
[Black "Janocko LIN, Petr"]
[Result "1-0"]
[BlackElo "2133"]
[WhiteElo "2207"]
[LiveChessVersion "1.4.8"]

1. e4 {[%clk 0:03:02]} c6 {[%clk 0:03:02]} 2. d4 {[%clk 0:03:03]} d5
{[%clk 0:03:03]} 3. e5 {[%clk 0:03:05]} Bf5 {[%clk 0:03:03]} 4. Nf3
{[%clk 0:03:06]} e6 {[%clk 0:03:03]} 5. Be2 {[%clk 0:03:07]} c5 {[%clk 0:03:00]}
6. O-O {[%clk 0:03:06]} Nc6 {[%clk 0:03:00]} 7. c3 {[%clk 0:03:07]} Qb6
{[%clk 0:02:57]} 8. a3 {[%clk 0:03:03]} cxd4 {[%clk 0:02:45]} 9. cxd4
{[%clk 0:03:00]} Bxb1 {[%clk 0:02:35]} 10. Rxb1 {[%clk 0:02:58]} Bxa3
{[%clk 0:02:34]} 11. Be3 {[%clk 0:02:25]} Bb4 {[%clk 0:02:27]} 12. h4
{[%clk 0:02:24]} Nge7 {[%clk 0:02:28]} 13. h5 {[%clk 0:02:25]} Nf5
{[%clk 0:02:28]} 14. h6 {[%clk 0:02:22]} gxh6 {[%clk 0:02:19]} 15. Bd3
{[%clk 0:02:18]} Nxe3 {[%clk 0:01:59]} 16. fxe3 {[%clk 0:02:19]} Be7
{[%clk 0:01:52]} 17. Nh2 {[%clk 0:01:51]} Bg5 {[%clk 0:01:40]} 18. Qe2
{[%clk 0:01:46]} a5 {[%clk 0:01:14]} 19. Rf3 {[%clk 0:01:37]} O-O-O
{[%clk 0:01:04]} 20. Rxf7 {[%clk 0:01:36]} Rdf8 {[%clk 0:01:04]} 21. Rxf8+
{[%clk 0:01:32]} Rxf8 {[%clk 0:01:05]} 22. Bxh7 {[%clk 0:01:32]} a4
{[%clk 0:01:03]} 23. Nf3 {[%clk 0:01:26]} Be7 {[%clk 0:00:55]} 24. Kh1
{[%clk 0:01:20]} Rf7 {[%clk 0:00:48]} 25. Bd3 {[%clk 0:01:16]} Nb4
{[%clk 0:00:48]} 26. Rc1+ {[%clk 0:01:14]} Kb8 {[%clk 0:00:48]} 27. Bb1
{[%clk 0:01:10]} Rg7 {[%clk 0:00:45]} 28. Qd1 {[%clk 0:00:53]} Qa5
{[%clk 0:00:34]} 29. Rc3 {[%clk 0:00:52]} Nc6 {[%clk 0:00:31]} 30. Qc2
{[%clk 0:00:39]} Bg5 {[%clk 0:00:30]} 31. Rc5 {[%clk 0:00:33]} Qa6
{[%clk 0:00:28]} 32. Rc3 {[%clk 0:00:22]} Qf1+ {[%clk 0:00:29]} 33. Kh2
{[%clk 0:00:23]} Rg8 {[%clk 0:00:23]} 34. Ba2 {[%clk 0:00:23]} Nb4
{[%clk 0:00:24]} 35. Qb1 {[%clk 0:00:22]} Bxe3 {[%clk 0:00:23]} 36. Qxf1
{[%clk 0:00:23]} Bf4+ {[%clk 0:00:24]} 37. Kh1 {[%clk 0:00:24]} Nxa2
{[%clk 0:00:25]} 38. Ra3 {[%clk 0:00:26]} Nb4 {[%clk 0:00:18]} 39. Rxa4
{[%clk 0:00:26]} Nc6 {[%clk 0:00:19]} 40. b4 {[%clk 0:00:25]} Rg3
{[%clk 0:00:19]} 41. b5 {[%clk 0:00:25]} Ne7 {[%clk 0:00:20]} 42. Qa1
{[%clk 0:00:24]} Rg8 {[%clk 0:00:19]} 43. Ra8+ {[%clk 0:00:25]} Kc7
{[%clk 0:00:20]} 44. Rxg8 {[%clk 0:00:24]} Nxg8 {[%clk 0:00:21]} 45. Qa5+
{[%clk 0:00:25]} Kd7 {[%clk 0:00:22]} 46. Qb6 {[%clk 0:00:26]} Kc8
{[%clk 0:00:23]} 47. Qxe6+ {[%clk 0:00:27]} 1-0

[Event "M?R 2020 v bleskovém ?achu druzstev"]
[Site "Turnov"]
[Date "2020.09.12"]
[Round "2.1"]
[White "Kraus TUR_A, Tomas"]
[Black "Polak MOR_A, Tomas"]
[Result "0-1"]
[BlackElo "2476"]
[WhiteElo "2417"]
[LiveChessVersion "1.4.8"]

1. d4 {[%clk 0:03:03]} Nf6 {[%clk 0:03:02]} 2. Nf3 {[%clk 0:03:03]} b6
{[%clk 0:03:03]} 3. Bf4 {[%clk 0:02:54]} Bb7 {[%clk 0:03:02]} 4. e3
{[%clk 0:02:55]} e6 {[%clk 0:03:01]} 5. c4 {[%clk 0:02:55]} Be7 {[%clk 0:02:54]}
6. h3 {[%clk 0:02:44]} O-O {[%clk 0:02:53]} 7. Nc3 {[%clk 0:02:45]} d6
{[%clk 0:02:47]} 8. Bd3 {[%clk 0:02:28]} Nbd7 {[%clk 0:02:48]} 9. O-O
{[%clk 0:02:25]} Re8 {[%clk 0:02:47]} 10. e4 {[%clk 0:02:14]} h6 {[%clk 0:02:34]}
11. e5 {[%clk 0:01:43]} Nh7 {[%clk 0:02:34]} 12. Qe2 {[%clk 0:01:35]} Ndf8
{[%clk 0:02:31]} 13. Rad1 {[%clk 0:01:33]} Qc8 {[%clk 0:02:24]} 14. Rfe1
{[%clk 0:01:32]} a6 {[%clk 0:02:18]} 15. Be4 {[%clk 0:01:21]} Bxe4
{[%clk 0:02:11]} 16. Qxe4 {[%clk 0:01:15]} Ng6 {[%clk 0:02:10]} 17. Bg3
{[%clk 0:01:09]} Nhf8 {[%clk 4:04:04]} 18. Qc2 {[%clk 0:01:01]} Qb7
{[%clk 0:01:59]} 19. d5 {[%clk 0:00:59]} dxe5 {[%clk 0:01:48]} 20. Nxe5
{[%clk 0:00:58]} Nxe5 {[%clk 0:01:45]} 21. Bxe5 {[%clk 0:00:59]} Rad8
{[%clk 0:01:46]} 22. Re3 {[%clk 0:00:43]} Bg5 {[%clk 0:01:30]} 23. Ree1
{[%clk 0:00:28]} Ng6 {[%clk 0:01:01]} 24. Bg3 {[%clk 0:00:28]} exd5
{[%clk 0:00:52]} 25. Nxd5 {[%clk 0:00:26]} c6 {[%clk 0:00:52]} 26. Nc3
{[%clk 0:00:19]} Rxe1+ {[%clk 0:00:50]} 27. Rxe1 {[%clk 0:00:21]} Qd7
{[%clk 0:00:49]} 28. Rd1 {[%clk 0:00:21]} Qe6 {[%clk 0:00:46]} 29. Rxd8+
{[%clk 0:00:15]} Bxd8 {[%clk 0:00:47]} 30. Qe4 {[%clk 0:00:16]} Nf8
{[%clk 0:00:42]} 31. b3 {[%clk 0:00:14]} Bf6 {[%clk 0:00:42]} 32. Qxe6
{[%clk 0:00:13]} Nxe6 {[%clk 0:00:43]} 33. Ne4 {[%clk 0:00:12]} Bd4
{[%clk 0:00:41]} 34. Kf1 {[%clk 0:00:12]} f5 {[%clk 0:00:42]} 35. Nd2
{[%clk 0:00:10]} f4 {[%clk 0:00:42]} 36. Bh2 {[%clk 0:00:10]} Kf7
{[%clk 0:00:41]} 37. g3 {[%clk 0:00:10]} fxg3 {[%clk 0:00:39]} 38. Bxg3
{[%clk 0:00:11]} Kf6 {[%clk 0:00:33]} 39. Ke2 {[%clk 0:00:11]} Kf5
{[%clk 0:00:34]} 40. Nf3 {[%clk 0:00:09]} Bf6 {[%clk 0:00:34]} 41. Kd3
{[%clk 0:00:05]} g5 {[%clk 0:00:31]} 42. Ke2 {[%clk 0:00:04]} h5 {[%clk 0:00:32]}
43. Bb8 {[%clk 0:00:03]} b5 {[%clk 0:00:32]} 44. cxb5 {[%clk 0:00:03]} cxb5
{[%clk 0:00:32]} 45. Ba7 {[%clk 0:00:04]} g4 {[%clk 0:00:29]} 46. hxg4+
{[%clk 0:00:04]} Kxg4 {[%clk 0:00:30]} 47. Bb8 {[%clk 0:00:04]} h4
{[%clk 0:00:30]} 48. Nh2+ {[%clk 0:00:04]} Kf5 {[%clk 0:00:29]} 49. Kf3
{[%clk 0:00:05]} Nd4+ {[%clk 0:00:29]} 50. Kg2 {[%clk 0:00:06]} Ne2
{[%clk 0:00:29]} 51. Nf3 {[%clk 0:00:06]} Nc1 {[%clk 0:00:29]} 52. Kh3
{[%clk 0:00:06]} Nxa2 {[%clk 0:00:25]} 53. Nxh4+ {[%clk 0:00:07]} Ke6
{[%clk 0:00:18]} 54. f4 {[%clk 0:00:07]} Nc1 {[%clk 0:00:17]} 55. f5+
{[%clk 0:00:08]} Kd5 {[%clk 0:00:16]} 56. b4 {[%clk 0:00:08]} Nd3
{[%clk 0:00:17]} 57. Kg4 {[%clk 0:00:06]} Nxb4 {[%clk 0:00:17]} 58. Ng2
{[%clk 0:00:06]} Nd3 {[%clk 0:00:15]} 59. Kh5 {[%clk 0:00:04]} a5
{[%clk 0:00:09]} 60. Kg6 {[%clk 0:00:05]} Bd4 {[%clk 0:00:08]} 61. f6
{[%clk 0:00:03]} a4 {[%clk 0:00:07]} 62. f7 Bc5 63. Ne3+ Ke6 0-1

[Event "M?R 2020 v bleskovém ?achu druzstev"]
[Site "Turnov"]
[Date "2020.09.12"]
[Round "2.2"]
[White "Zeman MOR_A, Matyas"]
[Black "Simacek TUR_A, Pavel"]
[Result "0-1"]
[BlackElo "2407"]
[WhiteElo "2197"]
[LiveChessVersion "1.4.8"]

1. e4 {[%clk 0:03:01]} d5 {[%clk 0:02:58]} 2. exd5 {[%clk 0:03:00]} Nf6
{[%clk 0:02:59]} 3. d4 {[%clk 0:02:58]} Nxd5 {[%clk 0:03:00]} 4. c4
{[%clk 0:02:59]} Nb6 {[%clk 0:03:01]} 5. Nf3 {[%clk 0:02:57]} Bg4
{[%clk 0:03:01]} 6. c5 {[%clk 0:02:57]} N6d7 {[%clk 0:03:02]} 7. Qb3
{[%clk 0:02:45]} Nc6 {[%clk 0:03:02]} 8. Bc4 {[%clk 0:01:26]} e6 {[%clk 0:03:03]}
9. Be3 {[%clk 0:01:27]} Na5 {[%clk 0:02:48]} 10. Qc3 {[%clk 0:01:27]} Nxc4
{[%clk 0:02:48]} 11. Qxc4 {[%clk 0:01:28]} Bxf3 {[%clk 0:02:47]} 12. gxf3
{[%clk 0:01:30]} c6 {[%clk 0:02:35]} 13. Nd2 {[%clk 0:01:29]} Qf6
{[%clk 0:02:04]} 14. Rg1 {[%clk 0:01:23]} h6 {[%clk 0:02:01]} 15. O-O-O
{[%clk 0:01:14]} O-O-O {[%clk 0:01:58]} 16. Rg3 {[%clk 0:01:08]} Qf5
{[%clk 0:01:54]} 17. Ne4 {[%clk 0:00:49]} Kb8 {[%clk 0:01:52]} 18. Qc2
{[%clk 0:00:43]} g5 {[%clk 0:01:47]} 19. Rd3 {[%clk 0:00:43]} Nf6
{[%clk 0:01:38]} 20. Rb3 {[%clk 0:00:43]} Nd5 {[%clk 0:01:35]} 21. Qd3
{[%clk 0:00:38]} Rd7 {[%clk 0:01:24]} 22. Qa6 {[%clk 0:00:26]} Ka8
{[%clk 0:01:24]} 23. Qa5 {[%clk 0:00:26]} Be7 {[%clk 0:01:24]} 24. Ra3
{[%clk 0:00:20]} a6 {[%clk 0:01:24]} 25. Nd2 {[%clk 0:00:20]} Bd8
{[%clk 0:01:17]} 26. Qa4 {[%clk 0:00:21]} Bc7 {[%clk 0:01:15]} 27. Nc4
{[%clk 0:00:21]} Bxg3 {[%clk 0:01:12]} 28. hxg3 {[%clk 0:00:22]} Qxf3
{[%clk 0:01:11]} 29. Bf4 {[%clk 0:00:13]} Qh1+ {[%clk 0:01:11]} 0-1